Dynamic data-driven simulation : (Record no. 49754)

MARC details
000 -LEADER
fixed length control field 02247nam a2200397 a 4500
003 - CONTROL NUMBER IDENTIFIER
control field WSP
005 - DATE AND TIME OF LATEST TRANSACTION
control field 20260416153411.0
008 - FIXED-LENGTH DATA ELEMENTS--GENERAL INFORMATION
fixed length control field 230114s2023 si ob 001 0 eng d
020 ## - INTERNATIONAL STANDARD BOOK NUMBER
International Standard Book Number 9789811267185
-- (ebook)
020 ## - INTERNATIONAL STANDARD BOOK NUMBER
International Standard Book Number 9811267189
-- (ebook)
020 ## - INTERNATIONAL STANDARD BOOK NUMBER
Cancelled/invalid ISBN 9789811267178
-- (hbk.)
072 #7 - SUBJECT CATEGORY CODE
Subject category code COM
Subject category code subdivision 072000
Source bisacsh
072 #7 - SUBJECT CATEGORY CODE
Subject category code COM
Subject category code subdivision 062000
Source bisacsh
072 #7 - SUBJECT CATEGORY CODE
Subject category code COM
Subject category code subdivision 016000
Source bisacsh
082 04 - DEWEY DECIMAL CLASSIFICATION NUMBER
Classification number 003/.85
Edition number 23
049 ## - LOCAL HOLDINGS (OCLC)
Holding library MAIN
100 1# - MAIN ENTRY--PERSONAL NAME
Personal name Hu, Xiaolin
245 10 - TITLE STATEMENT
Title Dynamic data-driven simulation :
Remainder of title real-time data for dynamic system analysis and prediction /
Statement of responsibility, etc Xiaolin Hu.
260 ## - PUBLICATION, DISTRIBUTION, ETC. (IMPRINT)
Place of publication, distribution, etc Singapore :
Name of publisher, distributor, etc World Scientific,
Date of publication, distribution, etc c2023.
300 ## - PHYSICAL DESCRIPTION
Extent 1 online resource (xxiv, 304 p.)
505 0# - FORMATTED CONTENTS NOTE
Contents Introduction -- Dynamic system, simulation, and data -- Simulation models and algorithms -- Basic probability concepts -- Dynamic data-driven simulation -- Data assimilation -- Dynamic data-driven simulation for discrete simulations -- The wildfire spread simulation application -- Look ahead.
520 ## - SUMMARY, ETC.
Summary, etc "This comprehensive book systematically introduces Dynamic Data Driven Simulation (DDDS) as a new simulation paradigm that makes real-time data and simulation model work together to enable simulation-based prediction/analysis. The text is significantly dedicated to introducing data assimilation as an enabling technique for DDDS. While data assimilation has been studied in other science fields (e.g., meteorology, oceanography), it is a new topic for the modeling and simulation community. This unique reference text bridges the two study areas of data assimilation and modelling and simulation, which have been developed largely independently from each other"--
650 #0 - SUBJECT ADDED ENTRY--TOPICAL TERM
Topical term or geographic name as entry element Dynamics
650 #0 - SUBJECT ADDED ENTRY--TOPICAL TERM
Topical term or geographic name as entry element System analysis.
856 40 - ELECTRONIC LOCATION AND ACCESS
Uniform Resource Identifier <a href="https://www.worldscientific.com/worldscibooks/10.1142/13166#t=toc">https://www.worldscientific.com/worldscibooks/10.1142/13166#t=toc</a>
942 ## - ADDED ENTRY ELEMENTS (KOHA)
Koha item type Electronic Books
100 1# - MAIN ENTRY--PERSONAL NAME
Titles and other words associated with a name (Professor of computer science)
504 ## - BIBLIOGRAPHY, ETC. NOTE
Bibliography, etc Includes bibliographical references and index.
520 ## - SUMMARY, ETC.
-- Provided by publisher.
538 ## - SYSTEM DETAILS NOTE
System details note Mode of access: World Wide Web.
538 ## - SYSTEM DETAILS NOTE
System details note System requirements: Adobe Acrobat Reader.
650 #0 - SUBJECT ADDED ENTRY--TOPICAL TERM
General subdivision Computer simulation.
655 #0 - INDEX TERM--GENRE/FORM
Genre/form data or focus term Electronic books.
Holdings
Withdrawn status Lost status Source of classification or shelving scheme Damaged status Not for loan Home library Location Date of Cataloging Total Checkouts Full call number Barcode Date last seen Uniform Resource Identifier Price effective from Koha item type
    Dewey Decimal Classification     CUTN Central Library CUTN Central Library 16/04/2026   003/.85 EB04952 16/04/2026 https://doi.org/10.1142/13166 16/04/2026 Electronic Books